000 01069nam a22003017a 4500
003 CHAP
005 20220329133605.0
008 971013s1993 r 00010 d
010 _a8279
011 _a9251
035 _a8485
040 _cCHAP
090 _aTesis
100 0 0 _aElizalde Miranda, Gudelia.
_936296
245 _aFitosanidad de la begonia tuberosa (Begonia tuberosa) en México (Xochimilco, D.F., Tlalmanalco y Texcoco, Edo. de México)
260 _aChapingo, Méx. :
_bEl Autor,
_c1993
300 _a90 h.
_b: ilus
502 _aTesis (M.C. en Protección Vegetal) -- UACH. Departamento de Parasitología Agrícola. Coordinación de Estudios de Postgrado
590 _aALEPH
_b10
_c20130110
_lUCH01
_h1222
590 _aBATCH-UPD
_b10
_c20130110
_lUCH01
_h2204
590 _aCONVERSION
_b10
_c20130109
_lUCH01
_h1306
650 1 4 _aBegonias
_xEnfermedades.
_911284
650 1 4 _aBegonias
_xPlagas.
_911289
901 _aBK
942 _cFOLL
949 _bBC
_cTES
_d-18688
_eTS1
_h26386
_i8485
_mD
_si
949 _bBC
_cTES
_d-58315
_eTS2
_fc.2
_h27108
_i8485
_si
999 _c8279
_d8279